00165nam a2200061Ia 4500008004100000100001900041245004300060120527s9999 xx 000 0 und d aBOYES & MELVIN aAgro-Economics intermediate and policy